Score 0/10 Timer 10:00
0 Plays Today
TIPPICANOE Standard % Correct
Ttraining
89.7%
Pplanning the audit
63.2%
Iinternal control
58.8%
Pdue professional care
55.9%
Eexpress an opinion
29.4%
Iindpendence
23.5%
Ain accordance with GAAP
22.1%
Nnew principles
20.6%
Oomitted disclosures
17.6%
Ccompetent evidence
11.8%
Remove Ads.
Support Sporcle.
Get the best of Sporcle when you Go Orange. This ad-free experience offers more features, more stats, and more fun while also helping to support Sporcle. Thank you for becoming a member.

You're not logged in!

Compare scores with friends on all Sporcle quizzes.
OR
Log In

Sporcle TV

Today on Sporcle TV


Watch our educational content, quiz creation guides, and fun videos on Sporcle TV.

Show Comments

Extras

Created Jan 31, 2011ReportNominate
Tags:Accepted, detail, standard

Top Quizzes Today


Score Distribution

Paid Content

Your Account Isn't Verified!

In order to create a playlist on Sporcle, you need to verify the email address you used during registration. Go to your Sporcle Settings to finish the process.

Report this User

Report this user for behavior that violates our Community Guidelines.

Details: